Formula One Race Winners of the 2000s - Statistics

General Stats
  • This quiz has been taken 31 times
  • The average score is 14 of 17
Answer Stats
Wins Teams Nationality Answer % Correct
21 RenaultMcLaren Spanish Fernando Alonso
100%
55 Ferrari German Michael Schumacher
100%
17 McLarenFerrari Finnish Kimi Raikkonen
96%
11 McLaren British Lewis Hamilton
96%
11 Ferrari Brazilian Filipe Massa
92%
6 McLaren Finnish Mika Hakkinen
88%
5 STR FerrariRed Bull German Sebastian Vettel
88%
7 McLaren British David Coulthard
83%
7 WilliamsMcLaren Colombian Juan Pablo Montoya
83%
11 FerrariBrawn Brazilian Rubens Barrichello
83%
7 HondaBrawn British Jenson Button
79%
2 Red Bull Australian Mark Webber
79%
6 Williams German Ralf Schumacher
79%
1 BMW Sauber Polish Robert Kubica
79%
1 McLaren Finnish Heiki Kovalainen
71%
3 JordanRenault Italian Giancarlo Fisichella
67%
1 Renault Italian Jarno Trulli
67%
No matching quizzes found
Score Distribution
Percent of People with Each Score
Percentile by Number Answered
Your Score History
You have not taken this quiz